Statistics for Lyrics To Little Things By One Direction

Click here to take the quiz!

General Stats

  • This quiz has been taken 9,381 times
  • The average score is 44 of 58

Answer Stats

HintAnswer% Correct
Your ____ fits in minehand
99%
Like it's ____ just for memade
97%
It was _____ to bemeant
93%
And it all makes _____ to mesense
91%
I know you've _____ lovednever
91%
But if I do, it's you, oh it's ___,you
90%
And all these little _____things
90%
I'm in ____ with youlove
90%
That you talk, in your _____sleep
89%
Without a cup of ___,tea
89%
You can't go to ___bed
89%
The dimples on your back at the _______ of your spinebottom
89%
They ___ up toadd
88%
I won't let these little things ____ out of my mouthslip
88%
You've never _____loved
87%
With the ________ on you cheeksfreckles
87%
And _____ that's the reasonmaybe
87%
But I'll love them _________endlessly
86%
Though it makes no _____ to mesense
85%
And I'm _______ up the dotsjoining
84%
I know you've never loved the sound of your voice on ____tape
84%
But, you're _______ to meperfect
83%
But ____ this in mindbear
83%
It's ___,you
81%
They add up __to
81%
It's ___,you
81%
I won't let these little things slip out of my _____mouth
81%
And all those _____________conversations
81%
Your stomach or your ______thighs
81%
You never want to know how much you _____weigh
81%
Are the _______ that I keepsecrets
80%
I'm in ____ with you,love
80%
And all these little ______things
80%
But if it's ____,true
78%
You still have to _______ into your jeanssqueeze
77%
The ________ by your eyes when you smilecrinkles
77%
You'll never love ________yourself
75%
You'll never _____ yourself right, darlin'treat
69%
But I _____ you towant
68%
Like I love ___you
67%
If I let you ____, I'm here for you,know
65%
____ as much as I love youhalf
64%
Slip, out of my _____,mouth
61%
Cause it's you, oh it's ___,you
61%
__oh
60%
_____ you'll love yourself,maybe
60%
____ you,it's
59%
____ add up to,they
58%
And I'm in love ____ you,with
57%
And I've ____ let these little thingsjust
55%
And all _____ little things,these
55%
I won't let these ______ thingslittle
54%
Slip, out of my _____,mouth
52%
But if it's ____,true
49%
I'ts ___, it's you,you
49%
They ___ up toadd
48%
And I'm in ____ with you,love
47%
And all your little ______things
46%

Score Distribution

Percentile by Number Answered

Percent of People with Each Score

Your Score History

You have not taken this quiz